| 000 | 01399nam a2200253Ia 4500 | ||
|---|---|---|---|
| 999 |
_c53820 _d53820 |
||
| 001 | 20871 | ||
| 003 | GE_BSU | ||
| 005 | 20200806142511.0 | ||
| 008 | 181216s2015ge xx |||||||||||||| ||geo|| | ||
| 020 | _a9789941942730 | ||
| 040 | _cGE_BSU | ||
| 041 | _ageo | ||
| 080 | _a347.412 ჩ-67 | ||
| 100 |
_aჩიტოშვილი, თამარ _99100 |
||
| 245 |
_aვალდებულებით-სამართლებრივი ურთიერთობებიდან გამომდინარე ვალდებულებათა შინაარსი და სახეები : _b(ზოგადი დახასიათება) ; უსაფუძვლო გამდიდრება : (ძირითადი საკითხები) / _cთამარ ჩიტოშვილი. |
||
| 264 |
_aთბილისი : _bბონა კაუზა, _c2015 |
||
| 300 |
_a172 გვ .: _c20 სმ. |
||
| 440 |
_aიურისტის ბიბლიოთეკა _9137 |
||
| 504 | _aბიბლიოგრ. ტექსტის შენიშვნებში და გვ. 161-163. | ||
| 541 | _h11ლ. | ||
| 653 | _aვალდებულებითი სამართალი. უსაფუძვლო გამდიდრება | ||
| 653 | _aსამართალი | ||
| 942 |
_cBK _2udc |
||